000 00839nas a2200277 4500
001 BR2011001256
003 BR-BrBNA
005 20231205114500.0
007 ta
008 230509b bl.|||p| |||| 00| 00por d
040 _aBR-BrBNA
_bpor
_cBiblioteca Nacional de Agricultura
041 _a(Pt)
072 _aJ15
100 1 _aSpricigo, P.C.
100 1 _aMartiuz, B.
100 1 _aPietro, J. de
100 1 _aMartiuz, C.F.M.
100 1 _aOliveira, M.E.M. de
245 1 _aSoluções de manutenção na pós-colheita de Chrysanthemum morifolium cv. Dragon
650 _aCRISÂNTEMO
650 _aPÓS-COLHEITA
650 _aSACAROSE
773 0 _tCiência e Agrotecnologia (Brazil)
_xISSN 1413-7054
_g(Sep-Oct 2010), v. 34(5) p. 1238-1244
_wBR2011001256
909 _a202311
_bLúcia
_c55
_dLúcia Elande
942 _2AGRIS
_n0
_cANA
999 _c208971
_d208971